Más allá del planeta silencioso
Guardat en:
| Autor principal: | |
|---|---|
| Format: | Llibre |
| Idioma: | espanyol |
| Publicat: |
Santiago
Andrés Bello
1995
|
| Edició: | 1a. ed |
| Matèries: | |
| Etiquetes: |
Afegir etiqueta
Sense etiquetes, Sigues el primer a etiquetar aquest registre!
|
MARC
| LEADER | 00000cam a2200000 a 4500 | ||
|---|---|---|---|
| 001 | UCE7253 | ||
| 003 | CL-VaPUC | ||
| 008 | 150529e19950000cl |||||||||||||||||spa|d | ||
| 020 | |a 9561313278 | ||
| 082 | 0 | 4 | |a 823 |b LEW |2 21 |
| 100 | |a Lewis, C. S |e author |9 328236 | ||
| 245 | 1 | 0 | |a Más allá del planeta silencioso |
| 250 | |a 1a. ed | ||
| 300 | |a 196 p | ||
| 942 | |c BK | ||
| 945 | |d 20150529 15:00:00 |a gsalatino | ||
| 260 | |a Santiago |b Andrés Bello |c 1995 | ||
| 650 | 0 | |a Escritores ingleses |9 389424 | |
| 650 | 0 | |a Novelas inglesas |9 265220 | |
| 650 | 0 | |a Literatura inglesa |9 312907 | |
| 583 | |a last modification |c 20160701 02:16:02 |k Rodrigo Vera | ||
| 999 | |c 359354 |d 359352 | ||
| 952 | |0 0 |1 0 |3 erb |4 0 |6 823_000000000000000_LEW_1995 |7 0 |8 A |9 468513 |a BIBEDU |b BIBEDU |e Villagrán Garnham, Jorge |i 5176476 |o 823 LEW 1995 |p 5176476 |r 2019-11-23 |w 2019-11-23 |y BK |z Catalogado en:20150529 |k LIT | ||